| 000 | 00297 a2200121 4500 | ||
|---|---|---|---|
| 999 |
_c321778 _d321778 |
||
| 001 | 86705 | ||
| 003 | NUST | ||
| 005 | 20180123110413.0 | ||
| 008 | 180123b xxu||||| |||| 00| 0 eng d | ||
| 082 | _a891.4393 RAH | ||
| 100 |
_aRahim Talat _99570 |
||
| 245 |
_aDown Matrimonial Lane _hEnglish |
||
| 260 |
_aLahore _bSang-e-meel Publishers _c2012 |
||
| 300 | _a230p. | ||
| 942 |
_aCAE NUSt _cBK _k891.4393 RAH _2ddc |
||